Presencia / (Record no. 175880)

MARC details
000 -LEADER
campo de control de longitud fija 00866nam a2200253 i 4500
001 - NÚMERO DE CONTROL
campo de control 175880
003 - IDENTIFICADOR DE NÚMERO DE CONTROL
campo de control ES-MaACL
005 - FECHA Y HORA DE LA ÚLTIMA TRANSACCIÓN
campo de control 20250827043444.0
008 - DATOS DE LONGITUD FIJA--INFORMACIÓN GENERAL
campo de control de longitud fija 101126s1998 sp |||| | spa d
080 ## - NÚMERO DE LA CLASIFICACIÓN DECIMAL UNIVERSAL
Número de la Clasificación Decimal Universal 821.134.2-1"19"
100 1# - ENTRADA PRINCIPAL--NOMBRE DE PERSONA
Nombre de persona Ruiz de Torres, Juan,
Fechas asociadas al nombre 1931-2014
9 (RLIN) 155342
245 10 - MENCIÓN DEL TÍTULO
Título Presencia /
Mención de responsabilidad, etc. Juan Ruiz de Torres ; [edición de Enrique Valle].
260 ## - PUBLICACIÓN, DISTRIBUCIÓN, ETC.
Lugar de publicación, distribución, etc. Madrid :
Nombre del editor, distribuidor, etc. Asociación Prometeo de Poesía,
Fecha de publicación, distribución, etc. 1998.
300 ## - DESCRIPCIÓN FÍSICA
Extensión 22 p. ;
Dimensiones 21 cm.
490 1# - MENCIÓN DE SERIE
Mención de serie Poesía nuestra ;
Designación de volumen o secuencia 4
490 1# - MENCIÓN DE SERIE
Mención de serie Cuadernos de poesía nueva
598 ## - NOTA LOCAL
Nota local Serie suplemento a: "Cuadernos de poesía nueva"
700 1# - ENTRADA AGREGADA--NOMBRE PERSONAL
Nombre de persona Valle, Enrique.
9 (RLIN) 112756
710 2# - ENTRADA AGREGADA--NOMBRE DE ENTIDAD CORPORATIVA
Nombre de entidad corporativa o nombre de jurisdicción como elemento de entrada Asociación Prometeo de Poesía
9 (RLIN) 1787
830 0# - PUNTO DE ACCESO ADICIONAL DE SERIE-TÍTULO UNIFORME
Título uniforme Poesía nuestra ;
Designación de volumen o secuencia 4
9 (RLIN) 223936
830 0# - PUNTO DE ACCESO ADICIONAL DE SERIE-TÍTULO UNIFORME
Título uniforme Cuadernos de poesía nueva
9 (RLIN) 223938
852 ## - LOCALIZACIÓN
Ubicación ES-MaACL
Número de control de estantería 2266-F-17
Holdings
Estatus retirado Estado de pérdida Estado de daño No para préstamo Colección Biblioteca de origen Biblioteca actual Ubicación en estantería Fecha de adquisición Fuente de adquisición Total de préstamos Signatura topográfica completa Código de barras Visto por última vez Precio de reemplazo Tipo de ítem Koha
        Colección de folletos Biblioteca del Ateneo de Madrid Biblioteca del Ateneo de Madrid Depósito folletos 26/11/2010     2266-F-17 1184696 23/02/2023 23/02/2023 Folleto